| 000 | 00900nam a2200277 i 4500 | ||
|---|---|---|---|
| 001 | bg | ||
| 003 | BPK | ||
| 005 | 20210112075309.0 | ||
| 008 | 991113s1998 pl a f f |000 0 pol | ||
| 015 | _aPB 1999/17682 | ||
| 020 | _a8387251305 | ||
| 040 |
_aWA N _cBPK |
||
| 041 | 0 | _apol | |
| 080 | _a330(091) | ||
| 080 | _a(075.8) | ||
| 100 | 1 |
_aNasiłowski, Mieczysław _d(1929-2004) _eAutor |
|
| 245 | 1 | 0 |
_aHistoria myśli ekonomicznej / _cMieczysław Nasiłowski. |
| 260 |
_aWarszawa : _b"Key Text", _c1998. |
||
| 300 |
_a134, [1] s. : _bwykr. ; _c24 cm. |
||
| 500 | _aNa okł. podtyt. : dlaczego studiujemy?. | ||
| 650 | 4 |
_aNauki ekonomiczne _xhistoria. |
|
| 655 | 4 | _aPodręczniki akademickie | |
| 710 | 2 |
_aWydawnictwo Key Text _4pbl. |
|
| 856 |
_uhttp://koha.tu.koszalin.pl/cgi-bin/koha/opac-detail.pl?biblionumber=53621 _yKatalog online BPK |
||
| 942 |
_2UKD _cKS |
||
| 999 |
_c53621 _d53621 |
||